[Event "Montigny le Bretonneux-C final 7th"]
[Site "Montigny le Bretonneux"]
[Date "2008.11.01"]
[Round "1"]
[White "Bot, Florian"]
[Black "Sancey, Frederic"]
[Result "1-0"]
[WhiteElo "1467"]
[BlackElo "1060"]
[PlyCount "39"]
[EventDate "2008.11.01"]
[EventType "tourn"]
[EventRounds "2"]
[EventCountry "FRA"]
[SourceTitle "EXT 2010"]
[Source "ChessBase"]
[SourceDate "2010.11.25"]
[SourceVersion "1"]
[SourceVersionDate "2010.11.25"]
[SourceQuality "1"]

1. b4 e5 2. Bb2 Nc6 3. b5 Nd4 4. e3 Bc5 5. exd4 exd4 6. Qh5 Nf6 7. Qxc5 d6 8. Qxd4 Qe7+ 9. Be2 Bd7 10. Nc3 0-0-0 11. Qxa7 Bf5 12. 0-0-0 Ne4 13. Nxe4 Qxe4 14. Bd3 Qg4 15. h3 Qg6 16. Bxf5+ Qxf5 17. Re1 Rhe8 18. Nf3 Re7 19. Rxe7 Qf6 20. Qa8# 1-0

[Event "Montigny le Bretonneux-C 7th"]
[Site "Montigny le Bretonneux"]
[Date "2008.10.29"]
[Round "5"]
[White "Bot, Florian"]
[Black "Dubost, Florian"]
[Result "1/2-1/2"]
[WhiteElo "1467"]
[BlackElo "1650"]
[PlyCount "37"]
[EventDate "2008.10.25"]
[EventType "tourn"]
[EventRounds "7"]
[EventCountry "FRA"]
[SourceTitle "EXT 2010"]
[Source "ChessBase"]
[SourceDate "2010.11.25"]
[SourceVersion "1"]
[SourceVersionDate "2010.11.25"]
[SourceQuality "1"]

1. b4 d5 2. Bb2 Nf6 3. Nf3 c6 4. e3 Bg4 5. Be2 Bxf3 6. Bxf3 Nbd7 7. d4 e6 8. a3 b5 9. Nd2 Nb6 10. 0-0 Bd6 11. e4 dxe4 12. Nxe4 Nxe4 13. Bxe4 Qc7 14. Qf3 Nd5 15. Bxd5 cxd5 16. Qd3 Qc4 17. Qxc4 bxc4 18. c3 f5 19. g3 1/2-1/2

[Event "Montigny le Bretonneux-C 7th"]
[Site "Montigny le Bretonneux"]
[Date "2008.10.28"]
[Round "4"]
[White "Le Port, Luc"]
[Black "Bot, Florian"]
[Result "0-1"]
[WhiteElo "1614"]
[BlackElo "1467"]
[PlyCount "56"]
[EventDate "2008.10.25"]
[EventType "tourn"]
[EventRounds "7"]
[EventCountry "FRA"]
[SourceTitle "EXT 2010"]
[Source "ChessBase"]
[SourceDate "2010.11.25"]
[SourceVersion "1"]
[SourceVersionDate "2010.11.25"]
[SourceQuality "1"]

1. d4 d5 2. Nf3 Bg4 3. Nc3 Nf6 4. Bg5 Nbd7 5. e3 c6 6. Be2 e6 7. Ne5 Bxe2 8. Qxe2 Qa5 9. 0-0 Bd6 10. Nxd7 Kxd7 11. e4 dxe4 12. Nxe4 Nxe4 13. Qxe4 Qxg5 14. Rad1 Qd5 15. Qg4 Raf8 16. a3 h5 17. Qh3 g5 18. Rfe1 Rfg8 19. g3 g4 20. Qf1 h4 21. Re5 Qf3 22. Re3 Qf6 23. Re5 hxg3 24. f4 gxf3 25. hxg3 Rxg3+ 26. Kf2 Rg2+ 27. Ke3 Re2+ 28. Kd3 Qg6+ 0-1

[Event "Montigny le Bretonneux Noel op 10th"]
[Site "Montigny le Bretonneux"]
[Date "2007.12.29"]
[Round "5"]
[White "Bot, Florian"]
[Black "De Luise, Anthony"]
[Result "0-1"]
[WhiteElo "1520"]
[BlackElo "1760"]
[PlyCount "76"]
[EventDate "2007.12.26"]
[EventType "swiss"]
[EventRounds "7"]
[EventCountry "FRA"]
[SourceTitle "CBM 122 Extra"]
[Source "ChessBase"]
[SourceDate "2008.03.04"]
[SourceVersion "1"]
[SourceVersionDate "2008.03.04"]
[SourceQuality "1"]

1. e4 e5 2. Nf3 Nf6 3. Nc3 Bb4 4. d3 0-0 5. Be2 Nc6 6. 0-0 d6 7. Bg5 Be6 8. Nd5 Bxd5 9. exd5 Nb8 10. c3 Bc5 11. d4 exd4 12. Nxd4 Nbd7 13. b4 Bb6 14. a4 a6 15. a5 Ba7 16. Nb3 h6 17. Bh4 Re8 18. Qd3 Qc8 19. Rfe1 Re7 20. Nd2 Qe8 21. Kf1 Re5 22. Bf3 Qf8 23. Rxe5 Nxe5 24. Qf5 Nfd7 25. Be4 g6 26. Qh3 f5 27. Bc2 g5 28. f4 Ng4 29. fxg5 Ne3+ 30. Ke2 Nxc2 31. Rf1 Qe7+ 32. Kd3 hxg5 33. Qg3 Na3 34. Qxg5+ Qxg5 35. Bxg5 Ne5+ 36. Ke2 Rf8 37. h4 Nb5 38. c4 Nc3+ 0-1

[Event "Montigny le Bretonneux Noel op 10th"]
[Site "Montigny le Bretonneux"]
[Date "2007.12.27"]
[Round "2"]
[White "Dagonia, Steve"]
[Black "Bot, Florian"]
[Result "1/2-1/2"]
[WhiteElo "1762"]
[BlackElo "1520"]
[PlyCount "54"]
[EventDate "2007.12.26"]
[EventType "swiss"]
[EventRounds "7"]
[EventCountry "FRA"]
[SourceTitle "CBM 122 Extra"]
[Source "ChessBase"]
[SourceDate "2008.03.04"]
[SourceVersion "1"]
[SourceVersionDate "2008.03.04"]
[SourceQuality "1"]

1. e4 e5 2. Nf3 Nc6 3. d4 exd4 4. Nxd4 Nxd4 5. Qxd4 d6 6. Nc3 Nf6 7. Bg5 Be7 8. 0-0-0 0-0 9. f3 Be6 10. g4 h6 11. Bh4 c5 12. Qd2 Qa5 13. a3 Rab8 14. Nb5 Qxd2+ 15. Rxd2 Rfd8 16. Nxa7 Nxe4 17. Bxe7 Nxd2 18. Bxd8 Nxf1 19. Bc7 Ra8 20. Rxf1 Rxa7 21. Bxd6 c4 22. Kd2 b5 23. Kc3 Bd7 24. Rd1 f5 25. gxf5 Bxf5 26. Rd5 Bg6 27. b3 Be8 1/2-1/2

[Event "Montigny le Bretonneux Noel op 10th"]
[Site "Montigny le Bretonneux"]
[Date "2007.12.26"]
[Round "1"]
[White "Bot, Florian"]
[Black "Plantet, Marc"]
[Result "0-1"]
[WhiteElo "1520"]
[BlackElo "1927"]
[PlyCount "40"]
[EventDate "2007.12.26"]
[EventType "swiss"]
[EventRounds "7"]
[EventCountry "FRA"]
[SourceTitle "CBM 122 Extra"]
[Source "ChessBase"]
[SourceDate "2008.03.04"]
[SourceVersion "1"]
[SourceVersionDate "2008.03.04"]
[SourceQuality "1"]

1. e4 c6 2. d4 d5 3. e5 c5 4. c3 Nc6 5. Nf3 Bf5 6. Be3 e6 7. Bd3 Bg6 8. Bxg6 hxg6 9. Nbd2 Nge7 10. Ng5 Nf5 11. Qf3 cxd4 12. cxd4 Ncxd4 13. Bxd4 Qxg5 14. Nb3 Rh4 15. Be3 Nxe3 16. fxe3 Bb4+ 17. Ke2 Qxe5 18. Rab1 Rc8 19. Rhc1 Rhc4 20. Nd4 Rxc1 0-1

[Event "Montigny le Bretonneux Noel op 10th"]
[Site "Montigny le Bretonneux"]
[Date "2007.11.02"]
[Round "7"]
[White "Bot, Florian"]
[Black "Puyo, Elisabeth"]
[Result "1/2-1/2"]
[WhiteElo "1520"]
[BlackElo "1300"]
[PlyCount "99"]
[EventDate "2007.12.26"]
[EventType "swiss"]
[EventRounds "7"]
[EventCountry "FRA"]
[SourceTitle "EXT 2008"]
[Source "ChessBase"]
[SourceDate "2007.11.25"]
[SourceVersion "1"]
[SourceVersionDate "2007.11.25"]
[SourceQuality "1"]

1. e4 e5 2. Nf3 Nc6 3. Bc4 Nd4 4. Nxe5 Qg5 5. Bxf7+ Ke7 6. Qh5 Nxc2+ 7. Kd1 Qxh5+ 8. Bxh5 Nxa1 9. d4 g6 10. Bg5+ Nf6 11. Bg4 d6 12. Bxc8 Rxc8 13. Ng4 Bg7 14. e5 dxe5 15. dxe5 Kf7 16. exf6 Rcd8+ 17. Kc1 Bf8 18. Ne5+ Ke6 19. Re1 Bb4 20. Nd3+ Bxe1 21. Nxe1 Rhe8 22. f7 Kxf7 23. Bxd8 Rxd8 24. Nf3 Kf6 25. Nc3 g5 26. h3 a6 27. Kb1 Nb3 28. axb3 c6 29. Ne4+ Kf5 30. Nexg5 h6 31. Nf7 Rd1+ 32. Kc2 Ra1 33. Nxh6+ Kg6 34. Ng4 Kf5 35. Ne3+ Kf4 36. h4 Rh1 37. Nd4 Ke5 38. Kd3 Kf6 39. g3 Ke5 40. f4+ Kf6 41. Nef5 c5 42. g4 cxd4 43. Kxd4 Re1 44. h5 Re8 45. h6 Rd8+ 46. Ke4 Re8+ 47. Kd5 Rd8+ 48. Ke4 Re8+ 49. Kd5 Rd8+ 50. Ke4 1/2-1/2

[Event "Montigny le Bretonneux Noel op 09th"]
[Site "Montigny le Bretonneux"]
[Date "2006.12.27"]
[Round "5"]
[White "Mourgues, Joelle"]
[Black "Bot, Florian"]
[Result "1-0"]
[WhiteElo "1816"]
[BlackElo "1310"]
[PlyCount "137"]
[EventDate "2006.12.27"]
[EventType "swiss"]
[EventRounds "7"]
[EventCountry "FRA"]
[SourceTitle "CBM 116 Extra"]
[Source "ChessBase"]
[SourceDate "2007.03.07"]
[SourceVersion "1"]
[SourceVersionDate "2007.03.07"]
[SourceQuality "1"]

1. Nf3 d5 2. g3 Nf6 3. Bg2 Bf5 4. d3 e6 5. 0-0 Bd6 6. Nbd2 0-0 7. c3 Nbd7 8. Nh4 Bg4 9. h3 Bf5 10. Nxf5 exf5 11. Kh2 Re8 12. f4 c6 13. Nf3 Qc7 14. Qc2 a5 15. b3 b5 16. c4 a4 17. Rb1 Re7 18. Nd4 g6 19. cxd5 c5 20. Nxb5 Qb8 21. bxa4 Qb6 22. Bf3 Rae8 23. Nd4 Qc7 24. Nc6 Re3 25. Bxe3 Rxe3 26. Qc4 Nb6 27. Rxb6 Qxb6 28. Qb5 Qc7 29. Rb1 g5 30. Qb8+ Qxb8 31. Nxb8 gxf4 32. g4 fxg4 33. hxg4 Nxg4+ 34. Bxg4 f3+ 35. Kg1 fxe2 36. Kf2 e1Q+ 37. Rxe1 Rxe1 38. Kxe1 Bxb8 39. Ke2 Kf8 40. Kf3 Ke7 41. Ke4 Kd6 42. Bh5 f5+ 43. Kxf5 Kxd5 44. Bf7+ Kd4 45. Bc4 Bc7 46. Kg5 Kc3 47. Kh6 Kb4 48. Kxh7 Kxa4 49. Kg8 Be5 50. Kf7 Bd4 51. Ke6 Ka3 52. Kd5 Kb2 53. a4 Bc3 54. Kxc5 Ka3 55. Bb5 Kb3 56. d4 Ba5 57. d5 Kc3 58. Kc6 Kd4 59. d6 Ke5 60. d7 Ke6 61. Kb7 Ke7 62. Ka6 Bd8 63. Bc6 Kd6 64. Kb5 Kc7 65. a5 Kb8 66. a6 Ka7 67. Bb7 Kb8 68. Kc6 Bc7 69. a7+ 1-0

[Event "Montigny le Bretonneux op 5th"]
[Site "Montigny le Bretonneux"]
[Date "2006.10.31"]
[Round "4.3"]
[White "Jouve, Pascal"]
[Black "Bot, Florian"]
[Result "1/2-1/2"]
[WhiteElo "1450"]
[BlackElo "1310"]
[PlyCount "50"]
[EventDate "2006.10.28"]
[EventType "swiss"]
[EventRounds "9"]
[EventCountry "FRA"]
[SourceTitle "EXT 2007"]
[Source "ChessBase"]
[SourceDate "2006.11.23"]
[SourceVersion "1"]
[SourceVersionDate "2006.11.23"]
[SourceQuality "1"]

1. e4 e5 2. Nf3 Nc6 3. Bb5 Bd6 4. Nc3 Nf6 5. d3 a6 6. Ba4 b5 7. Bb3 0-0 8. a3 Bc5 9. Bg5 Be7 10. Bxf6 Bxf6 11. Bd5 Rb8 12. 0-0 b4 13. Ne2 a5 14. a4 Ne7 15. Bb3 d5 16. Ng3 Bg4 17. h3 Bxf3 18. Qxf3 c5 19. Rad1 d4 20. Qe2 Ng6 21. Nh5 Bh4 22. Qg4 Bf6 23. f4 exf4 24. Nxf4 Ne5 25. Qe2 Bg5 1/2-1/2

[Event "Montigny le Bretonneux op 5th"]
[Site "Montigny le Bretonneux"]
[Date "2006.10.28"]
[Round "1.5"]
[White "Bot, Florian"]
[Black "Guillet, Killian"]
[Result "1-0"]
[WhiteElo "1310"]
[BlackElo "1250"]
[PlyCount "31"]
[EventDate "2006.10.28"]
[EventType "swiss"]
[EventRounds "9"]
[EventCountry "FRA"]
[SourceTitle "EXT 2007"]
[Source "ChessBase"]
[SourceDate "2006.11.23"]
[SourceVersion "1"]
[SourceVersionDate "2006.11.23"]
[SourceQuality "1"]

1. e4 e6 2. d4 d5 3. Nc3 c5 4. e5 Nc6 5. Nf3 Qb6 6. Be3 Nge7 7. dxc5 Qxb2 8. Nb5 Rb8 9. Nd6+ Kd7 10. Rb1 Qxa2 11. Bb5 a6 12. Bxc6+ Nxc6 13. 0-0 a5 14. Qd3 Nb4 15. Qb5+ Ke7 16. Qe8# 1-0